Normal view
MARC view
Entry Topical Term
001 - CONTROL NUMBER
- control field: 35248
003 - CONTROL NUMBER IDENTIFIER
- control field: OSt
005 - DATE AND TIME OF LATEST TRANSACTION
- control field: 20150115142922.0
008 - FIXED-LENGTH DATA ELEMENTS
- fixed length control field: 150115|| aca||aabn | a|a d
040 ## - CATALOGING SOURCE
- Original cataloging agency: OSt
- Transcribing agency: OSt
600 ## -
- : Arms transfers.
670 ## - SOURCE DATA FOUND
- Source citation: Work cat.: (OSt)0: McCuen, Gary E. 33039, The global arms trade /, c1992.
